| Tag |
First Indicator |
Second Indicator |
Subfields |
| LEADER |
00000cam a22000004a 4500 |
| 001 |
in00001715421 |
| 005 |
20151024174004.0 |
| 008 |
020214s2003 nju b 001 0 eng |
| 010 |
|
|
|a 2002022514
|
| 020 |
|
|
|a 0805836292 (cloth : alk. paper)
|
| 020 |
|
|
|a 0805836306 (pbk. : alk. paper)
|
| 035 |
|
|
|a (OCoLC)ocm49285382
|
| 040 |
|
|
|a DLC
|c DLC
|d UtOrBLW
|
| 042 |
|
|
|a pcc
|
| 043 |
|
|
|a n-us---
|
| 049 |
|
|
|a TXAM
|
| 050 |
0 |
0 |
|a HV6789
|b .E54 2003
|
| 082 |
0 |
0 |
|a 364.1/5/0973
|2 21
|
| 100 |
1 |
|
|a Englander, Elizabeth Kandel.
|
| 245 |
1 |
0 |
|a Understanding violence /
|c Elizabeth Kandel Englander.
|
| 250 |
|
|
|a 2nd ed.
|
| 264 |
|
1 |
|a Mahwah, N.J. :
|b Lawrence Erlbaum Associates,
|c 2003.
|
| 300 |
|
|
|a x, 221 pages ;
|c 24 cm.
|
| 336 |
|
|
|a text
|b txt
|2 rdacontent
|
| 337 |
|
|
|a unmediated
|b n
|2 rdamedia
|
| 338 |
|
|
|a volume
|b nc
|2 rdacarrier
|
| 504 |
|
|
|a Includes bibliographical references (pages 177-205) and indexes.
|
| 650 |
|
0 |
|a Violent crimes
|z United States.
|
| 650 |
|
0 |
|a Violent crimes
|z United States
|x Psychological aspects.
|
| 650 |
|
0 |
|a Criminal psychology
|z United States.
|
| 650 |
|
0 |
|a Violence
|z United States.
|
| 945 |
|
|
|i PromptCat
|
| 948 |
|
|
|a cataloged
|b h
|c 2002/11/22
|e cmulkey
|f 14:56:56
|
| 994 |
|
|
|a 92
|b TXA
|
| 999 |
|
|
|a MARS
|
| 999 |
f |
f |
|s 5865b530-a208-37cd-b433-81edde4ddfc4
|i b4f4d827-6f63-3907-9fb6-9d8e68634a84
|t 0
|
| 952 |
f |
f |
|p normal
|a Texas A&M University
|b College Station
|c Sterling C. Evans Library
|d Evans: Library Stacks
|t 0
|e HV6789 .E54 2003
|h Library of Congress classification
|i unmediated -- volume
|m A14829563983
|
| 998 |
f |
f |
|a HV6789 .E54 2003
|t 0
|l Evans: Library Stacks
|